00858cam a22002297a 4500003000500000005001700005008004100022010001000063011001000073035001000083040000900093082001600102110003700118245001000155260003700165300001600202490005300218500025800271650001800529650002800547830005300575CHAP20220329135821.0971013s1972 r 00010 d a42752 a43724 a47861 cCHAP a631.7bE83Y aE.U.A. Soil Conservation Service 0aRiego aMéxico, D. F. :bDiana,c1972- av.b: ilus. 0aManual nacional de ingeniería. Secciónv; 15 aLa biblioteca tiene: v.1 Relación entre suelo-planta-agua -- v.2 Planeamiento de sistemas de riego para granjas -- v.3 Riego por diques de contorno -- v.4 Plantas de bombeo para riego -- v.5 Medición del agua de riego -- v.6 Riego por aspersión --14aIrrigación.14aSuelosxConservación.0 aManual nacional de ingeniería. Secciónv; 15